| 000 | 00573nam a2200205 4500 | ||
|---|---|---|---|
| 001 | 1709289 | ||
| 005 | 20180307044052.0 | ||
| 008 | 710426s1971 nyua b 001 0 eng | ||
| 010 | _a 70121679 | ||
| 040 |
_aDLC _cDLC _dDLC |
||
| 041 | _aeng | ||
| 080 | _a540 HOW | ||
| 082 | 0 | 0 | _a540 HOW |
| 100 | 1 | _a11 | |
| 101 | _aKIM | ||
| 245 | 1 | 4 |
_aThe science of chemistry: periodic properties and chemical behavior _c[by] Reed A. Howald [and] Walter A. Manch. |
| 504 | _aIncludes bibliographies. | ||
| 906 |
_a7 _bcbc _corignew _d2 _encip _f19 _gy-gencatlg |
||
| 942 |
_2ddc _cBK |
||
| 999 |
_c44275 _d44275 |
||